Sumptuosa tabula picta : pittori a Lucca tra gotico e rinascimento : Lucca, Museo nazionale di Villa Guinigi, 28 marzo-5 luglio 1998 /
Saved in:
| Corporate Author: | |
|---|---|
| Other Authors: | |
| Format: | Book |
| Language: | Italian |
| Published: |
Livorno :
Sillabe,
c1998.
|
| Subjects: | |
| Tags: |
Add Tag
No Tags, Be the first to tag this record!
|
| LEADER | 01065cam a2200289 a 4500 | ||
|---|---|---|---|
| 001 | 007786558-8 | ||
| 005 | 20070901120321.0 | ||
| 008 | 980820s1998 it a bc 000 0 ita d | ||
| 020 | |a 8886392397 | ||
| 035 | 0 | |a ocm39170770 | |
| 035 | 1 | |a MAHA98B1955 | |
| 035 | 1 | |z NJPG98B34439 | |
| 040 | |a NjP |c NjP |d MH-FA | ||
| 043 | |a e-it--- | ||
| 050 | 4 | |a ND621.L8 |b S95 1998 | |
| 245 | 0 | 0 | |a Sumptuosa tabula picta : |b pittori a Lucca tra gotico e rinascimento : Lucca, Museo nazionale di Villa Guinigi, 28 marzo-5 luglio 1998 / |c a cura di Maria Teresa Filieri. |
| 246 | 3 | 0 | |a Pittori a Lucca tra gotico e rinascimento |
| 260 | |a Livorno : |b Sillabe, |c c1998. | ||
| 300 | |a 447 p. : |b ill. (some col.) ; |c 30 cm. | ||
| 504 | |a Includes bibliographical references (p. 434-447). | ||
| 650 | 0 | |a Painting, Italian |z Italy |z Lucca |v Exhibitions. | |
| 650 | 0 | |a Painting, Gothic |z Italy |z Lucca |v Exhibitions. | |
| 650 | 0 | |a Painting, Renaissance |z Italy |z Lucca |v Exhibitions. | |
| 700 | 1 | |a Filieri, Maria Teresa. | |
| 710 | 2 | |a Museo nazionale di Villa Guinigi. | |
| 988 | |a 20020608 | ||
| 906 | |0 RLIN | ||


